000 00697cam a22002657a 4500
001 105375
005 20230410132546.0
008 081209s2008 bl 000 0 por
035 _a15549842
010 _a 2008342116
020 _a9788573029130
040 _aDLC
_cDLC
_dDLC
042 _alcode
050 1 4 _aPQ 9698.32
_bV517m 2008
082 0 0 _a869.3
100 1 _aVerissimo, Luis Fernando,
_d1936-
245 1 2 _aO mundo e barbaro /
_cLuis Fernando Verissimo.
260 _aRio de Janeiro, RJ :
_bObjetiva,
_cc2008.
300 _a164 p. ;
_c23 cm.
650 4 _aCuentos brasileƱos.
650 4 _aVida cotidiana
_vCuentos.
942 _2lcc
_cbk
985 _eODE-rj
946 _anc
999 _c83720
_d83720